|
|
|
|
| LEADER |
00000nam0a2200000 4500 |
| 001 |
164787 |
| 005 |
20231101222515.0 |
| 010 |
|
|
|a 9780194425759
|
| 035 |
|
|
|a (RuTPU)RU\TPU\book\178781
|
| 090 |
|
|
|a 164787
|
| 100 |
|
|
|a 20090910d2007 m y0rusy50 ca
|
| 101 |
0 |
|
|a eng
|
| 102 |
|
|
|a US
|
| 105 |
|
|
|a a j 000zy
|
| 200 |
1 |
|
|a English for Specific Purposes
|f K. Harding
|
| 210 |
|
|
|a New York
|c Oxford University Press
|d 2007
|
| 215 |
|
|
|a 170 p.
|c il.
|
| 225 |
1 |
|
|a Resource books for teachers
|
| 606 |
1 |
|
|a Английский язык
|x Учебные руководства и пособия
|x Учебные руководства и пособия для высшей школы
|2 stltpush
|3 (RuTPU)RU\TPU\subj\29071
|9 52483
|
| 610 |
1 |
|
|a лексика
|
| 610 |
1 |
|
|a грамматика
|
| 610 |
1 |
|
|a разговорная речь
|
| 610 |
1 |
|
|a деловое общение
|
| 610 |
1 |
|
|a профессиональный английский язык
|
| 610 |
1 |
|
|a методика
|
| 610 |
1 |
|
|a преподавание
|
| 686 |
|
|
|a Ш143.21-91
|v LBC/SL-A
|2 rubbk
|
| 700 |
|
1 |
|a Harding
|b K.
|g Keith
|
| 801 |
|
1 |
|a RU
|b 63413507
|c 20090910
|
| 801 |
|
2 |
|a RU
|b 63413507
|c 20101118
|g RCR
|
| 942 |
|
|
|c BK
|